00357pab a2200133 454500008004000000100002900040245005700069260000900126300001300135362001200148650001900160650001100179773003300190180718b2001 xxu||||| |||| 00| 0 eng d aMukhopadhyay, Surajit C. aLegacy of the Raj: the post-colonial police in India c2001 ap.115-43 aJan-Jun aPolice - India aPolice aIndian Social Science Review